| 000 | 00707nam a22002057a 4500 | ||
|---|---|---|---|
| 005 | 20161108141343.0 | ||
| 010 | _aENG-116475 | ||
| 020 |
_c795.00 _a9780199459070 |
||
| 020 |
_c795.00 _a019945907 |
||
| 035 | _aEN-100007 | ||
| 037 | _bDBAD/PUB | ||
| 082 | _a250.33 | ||
| 100 | _aCollett,Alice | ||
| 245 |
_aLives of early Buddhist nuns : _cby Alice Collett _bpoltical economy of Eastern mediterranean exchange relations / |
||
| 260 |
_aNew Delhi _bOxford University Press _c2016 |
||
| 270 |
_aYMCA Library Building, 1 Jai Singh Road, _bNew Delhi _e110001 |
||
| 300 |
_axvi,277p. _c22cm(Hb) |
||
| 500 | _aIncludes bibliographical references and index | ||
| 942 |
_2ddc _cEN _mCOL _h250.33 |
||
| 999 |
_c104525 _d104525 |
||